Oh, Again with the Irony Quiz Stats

 Plays Quiz Updated Aug 1, 2016

Challenge
Share
Tweet
Score 0/20 Timer 07:00
0 Plays Today
% Correct
No
99.6%
Driving
99.5%
No
98.8%
Thank
98.3%
Your
97.3%
Pay
96.6%
Tire
94.9%
Teacher
93.9%
Seagull
93.4%
Congratulations
93.1%
% Correct
Accident
92.6%
Open
92.6%
Truck
91.5%
Fire
90.8%
Leashes
90.1%
McDonald's
89%
Weight
88.8%
Sermon
83.4%
Illness
82.8%
Unforeseen
81.6%

You're not logged in!

Compare scores with friends on all Sporcle quizzes.
Join for Free
OR
Log In

You Might Also Like...

Show Comments

Extras

Top Quizzes Today


Score Distribution

Your Account Isn't Verified!

In order to create a playlist on Sporcle, you need to verify the email address you used during registration. Go to your Sporcle Settings to finish the process.

Report this User

Report this user for behavior that violates our Community Guidelines.

Details: